01193 2200373 4500001002100000005001500021035002000036006001800056007000300074008004100077020002200118040002200140082002000162084002000182245008000202250003200282264004500314300004900359336002100408337003000429338002300459650003300482850001200515041001300527090002000540500004900560500004600609500006700655500001100722651003200733990001800765990001800783990001800801INLIS00000000084290620181204125956 a0010-1118000353aa g 000 0ta171024r20142016jkia g 1 ind d a978-979-461-928-5 aYOPDYOGbinderda04223a305.5509598 a305.5509598 INS10aIn search of middle Indonesia /ceditor, Gerry van Klinken, Ward Berenschot aEdisi pertama: Januari 201631aJakarta :bYayasan Obor Indonesia,c2016 axiv, 319 halaman :bpeta, ilustrasi ;c24 cm 2rdacontentateks 2rdamediaatanpa perantara 2rdacarrieravolume 4aIndonesia--xKeadaan ekonomi aYOPDYOG0 aindheng a305.5509598 INS aDiterbitkan bekerjasama dengan KITLV-Jakarta aJudul asli: In search of middle Indonesia aTeks dalam bahasa Indonesia, diterjemahkan dari bahasa Inggris aIndeks 4aIndonesia--xKeadaan sosial a36776-PD/B.18 a36777-PD/B.18 a36778-PD/B.18